MESTSKÁ KNIŽNICA GIRALTOVCE  - online katalóg 

Pod jednou střechou (Record no. 11319)

000 -NÁVESTIE
fixed length control field 01019nam a2200289 a 4500
008 - ÚDAJE S PEVNOU DĹŽKOU – VŠEOBECNÉ INFORMÁCIE
fixed length control field 960511s1959||||[C 0 cze c
040 ## - ZDROJ KATALOGIZÁCIE
Pôvodná katalogizujúca agentúra SNK
Jazyk katalogizácie slo
Prepisujúca agentúra SNK
Konvencie popisu AACR2
041 1# - KÓD JAZYKA
Kód jazyka textu/zvukovej stopy alebo samostatných nápisov cze
044 ## - KÓD KRAJINY VYDAVATEĽA/PRODUCENTA
Kód krajiny MARC xo
Kód krajiny ISO SK
080 ## - ČÍSLO MEDZINÁRODNÉHO DESATINNÉHO TRIEDENIA (MDT)
Číslo Medzinárodného desatinného triedenia (MDT) 784.4:785.14:785.12
080 ## - ČÍSLO MEDZINÁRODNÉHO DESATINNÉHO TRIEDENIA (MDT)
Číslo Medzinárodného desatinného triedenia (MDT) 785.14
080 ## - ČÍSLO MEDZINÁRODNÉHO DESATINNÉHO TRIEDENIA (MDT)
Číslo Medzinárodného desatinného triedenia (MDT) 785.12
020 ## - MEDZINÁRODNÉ ŠTANDARDNÉ ČÍSLO KNIHY (ISBN)
Údaje o dostupnosti 5
110 0# - HLAVNÝ VSTUP – KORPORATÍVNE MENO
Korporatívne meno alebo meno jurisdikcie ako vstupný prvok Sbor Lubomíra Pánka
Kód roly nrt
100 1# - OSOBNÉ MENÁ – VŠEOBECNÉ INFORMÁCIE
Osobné meno Leberecht, Hans
245 10 - NÁZOV
Názov Pod jednou střechou
Médium Audiozáznam
Zvyšok názvu S Českou muzikou Josefa Charváta, Josefem Bekem a herci pražských divadel
Údaj o zodpovednosti atď. Spieva Sbor Lubomíra Pánka ; Spieva Josef Bek, Jaroslav Satoranský, Pavel Trávníček, Pavel Zedníček, Svatava Černá, Blanka Tůmová ...
260 ## - VYDAVATEĽSKÉ ÚDAJE, DISTRIBÚCIA ATĎ.
Miesto publikovania, distribúcie atď. Bratislava
Názov vydavateľa, distibútora atď. Slovenský spisovateľ
Dátum publikovania, distribúcie atď. 1959
300 ## - FYZICKÝ POPIS
Rozsah 2 s.
500 ## - VŠEOBECNÁ POZNÁMKA
Formátovaná poznámka o obsahu 27 českých ľudových piesní
700 1# - PRIDANÝ VSTUP – OSOBNÉ MENO
Osobné meno Bek, Josef
Kód roly nrt
700 1# - PRIDANÝ VSTUP – OSOBNÉ MENO
Osobné meno Satoranský, Jaroslav
Kód roly nrt
700 1# - PRIDANÝ VSTUP – OSOBNÉ MENO
Osobné meno Trávníček, Pavel
Kód roly nrt
700 1# - PRIDANÝ VSTUP – OSOBNÉ MENO
Osobné meno Zedníček, Pavel
Kód roly nrt
700 1# - PRIDANÝ VSTUP – OSOBNÉ MENO
Osobné meno Černá, Svatava
Kód roly nrt
700 1# - PRIDANÝ VSTUP – OSOBNÉ MENO
Osobné meno Tůmová ..., Blanka
Kód roly nrt
958 ## - Formálny deskriptor
Formálny deskriptor J
Holdings
Stav stiahnutia (Blokovanie) (Withrawn status) Stav straty Stav poškodenia (Damaged status) Nie pre výpožičky (Not for loan) Spôsob nadobudnutia (Collection code) Trvalé umiestnenie Aktuálne umiestnenie Dátum nadobudnutia Náklady, bežná kúpna cena Inventárne číslo (prírastkové číslo) Full call number Dátum posledného výskytu Cena s účinnosťou od Typ jednotky Koha
        Kúpa Mestská knižnica Giraltovce Mestská knižnica Giraltovce 2019-11-29 5.00 11358 B 5493 2019-11-29 2019-11-29 Krásna literatúra pre dospelých

Powered by Koha